000 00752nam a2200229 a 4500
001 BRCA_5259
005 20190320205015.0
008 301110s1933----uk-a######---#000-0#eng-#
041 _aeng
044 _aUk
050 4 _aND461
_b.C65 1933
100 1 _aCollins Baker, C. H.
_913469
245 1 0 _aBritish painting
_cby C. H. Collins Baker ; with a chapter on primitive painting by Montague R. James.
260 _aGran Bretaña
_bHale, Cushmann & Flint
_c1933
300 _axxxvi, 319 p.
_bil., 140 láminas
_c24 cm.
500 _aIncluye índice alfabético, índice de ilustraciones y apéndices
500 _aE78
650 1 4 _aPintura
_xHistoria
_zGran Bretaña
_913470
700 1 _aJames, Montague R.
_913471
902 _aGFM
942 _2lcc
_cB
999 _c4953
_d4953